Osudná búrka

Bibliographic Details
Main Author: Haran, Elizabeth (Author)
Other Authors: Gálisová, Marína, 1972- (Translator)
Format: Book
Language:Slovak
English
PhysicalDescription:335 s. 21 cm
Published: Bratislava Slovenský spisovateľ 2010
ISBN:9788022015332
Edition:[1. vyd.]
Subjects:

MARC

LEADER 00000cam a2200000 a 4500
001 vtls010127740
003 SK-MaSNL
005 20260301185446.0
008 240318s2010 xo g 000 f slo
015 |a SNBA2010/11-05998 
020 |a 9788022015332  |q (viaz.) 
035 |a 30EDD541-0E66-4171-8935-D3146BBFA78A 
035 |a urn:nbn:sk:snk-amk27b 
035 |a urn:nbn:sk:snk-am0086pr 
040 |a SNK  |b slo  |c SNK  |e AACR2 
041 1 |a slo  |h eng 
044 |a xo  |c SK 
072 7 |a 821.111-3  |x Anglická próza, anglicky písaná  |2 konspekt 
080 |a 821.111(94)-31  |2 2001 
100 1 |a Haran, Elizabeth  |4 aut  |9 326854 
245 1 0 |a Osudná búrka  |c Elizabeth Haranová ; [preložila Marína Gálisová] 
250 |a [1. vyd.] 
260 |a Bratislava  |b Slovenský spisovateľ  |c 2010 
300 |a 335 s.  |c 21 cm 
500 |a Prel. pravdepodob. z angl. 
655 7 |a austrálske romány  |2 SNKPH  |9 1595 
700 1 |a Gálisová, Marína,  |d 1972-  |4 trl  |9 12999 
852 |a Štátna vedecká knižnica v Baskej Bystrici 
919 |a 978-80-220-1533-2 
958 |a UP 
958 |a LX 
958 |a OND 
968 |b ENG  |d 821 
999 |c 864039  |d 865969 
952 |a SNK  |b SNK  |y PREZ  |7 0  |p 17A0673717  |o snkSC 142158  |i snk2010/20503  |8 0  |0 0  |1 0  |4 0  |d 2010-09-23  |l 0  |r 2025-07-10 00:00:00  |w 2026-02-24 
952 |a SNK  |b SNK  |y PREZ  |7 0  |p 17A0685514  |o snkSC 142158 D1  |i snk2011/946  |8 0  |0 0  |1 0  |4 0  |d 2011-01-14  |f 1  |l 0  |r 2026-02-24 05:21:54  |w 2026-02-24